000 00869nam a22002897a 4500
001 BR9604732
003 BR-BrBNA
005 20230928095237.0
007 ta
008 230509b bl.||||| |||| 00| 0 por d
040 _aBR-BrBNA
_bpor
_cBiblioteca Nacional de Agricultura
041 _a(Por)
072 _aF30
_b1410
090 _ 1410 BR9604732
100 1 _aCollicchio, E.
110 1 _aUniversidade Federal de Lavras, MG (Brasil)
_0Tese (Mestre em Agronomia)
245 1 _aAssociacao entre o porte da planta do feijoeiro e o tamanho dos graos
260 3 _aLavras, MG (Brasil):
_c1995.
300 _a98 p.
500 _aSummaries (Eng, Por); Bibliography p. 78-85; 26 tables; 16 illus.
650 _aFeijao
650 _aVariedade
650 _aCaracteristicas Agronomicas
650 _aGrao
909 _a202309
_bLucia
_c55
_dLucia Elande
942 _cBK
999 _c55399
_d55399